Responses for show #3140 - Friday, April 3, 1998

Pat Healy game 4.

Contestants

[<< previous game]

Diane Fisher, an energy resources scientist from Oakland, California

Nathan Aldrich, a part-time teacher originally from Skowhegan, Maine

Pat Healy, an index editor from Concord, California (whose 3-day cash winnings total $45,401)

[next game >>]

Jeopardy! Round responses

IN THE COOLER
THE ROCK
THE PENN.
STARS BEHIND BARS
PRISON PROSE
"CON"s
    $100 19
a chocolate bar

Diane
    $100 13
Valley Forge

Pat
    $100 1
Bruce Willis

Pat
    $100 11
Thoreau

Pat
    $100 6
concave

Pat
    $200 20
72

Pat
    $200 29
fossils

Pat
    $200 18
Harrisburg

Diane
    $200 2
Bill Cosby

Pat
    $200 12
Dead Man Walking

Diane
    $200 7
a confederacy

Pat
    $300 21
(Nathan: What is ranch?)

mayonnaise

PatNathan
    $300 28
pumice

Nathan
    $300 24
a dome (or roof)

Pat
    $300 3
Dick Martin

Pat
    $300 14
(Pat: What is school for scandal?)

a reform school

PatDiane
    $300 8
(Nathan: Uh, what is a... ca...)

a converter

PatNathan
    $400 22
Gatorade

Pat
    $400 27
G-N-E-I-S-S

Diane
    $400 15
the Flyers

Pat
    $400 4
Chevy Chase

Pat
    $400 16
Norman Mailer

Pat
    $400 9
a contingency plan

Pat
    $500 23
(Diane: What is water?)
(Nathan: What is dry ice?)

(ordinary) ice

NathanDiane
Triple Stumper
    $500 26
pitchblende

Diane
    $500 25
Erie

Diane
    $500 5
(Alex: "Me and Bobby McGee" and that song, yes indeed. You ran the category, picked up $1,500.)

Kris Kristofferson

Pat
    $1,300 17
(Alex: You like even numbers, don't you? So you're looking for $5,000 at the end of this clue.)

Albert Speer

Pat
    $500 10
Confucius

Pat

Scores at the first commercial break (after clue 15):

Pat Nathan Diane
$3,300 -$300 $500

Scores at the end of the Jeopardy! Round:

Pat Nathan Diane
$6,400 -$800 $1,700

Double Jeopardy! Round responses

ANCIENT TRAVEL GUIDE
ORGANIZATIONS
MOST LIKELY TO SECEDE
THEY COVERED THE BEATLES
FAMOUS FRIEDMANS
EPONYMS
    $200 1
Troy

Diane
    $200 26
Quebec

Diane
    $200 4
"I Saw Her Standing There"

Pat
    $200 13
Ph.D.

Nathan
    $200 2
(Diane: What is a trundle bed?)

a murphy bed

NathanDiane
    $400 3
the Minotaur

Pat
    $400 18
The American Lung Association

Triple Stumper
    $400 5
The Carpenters

Pat
    $400 9
Cardigan

Pat
    $600 22
Babylon

Pat
    $600 17
the Southern Christian Leadership Conference

Diane
    $600 27
Kashmir

Triple Stumper
    $600 6
Stevie Wonder

Pat
    $600 25
Milton Friedman

Nathan
    $600 10
an ottoman

Pat
    $800 21
Carthage

Triple Stumper
    $800 16
Aaron Burr

Pat
    $800 20
Wales

Nathan
    $4,000 7
Joe Cocker

Pat
    $800 24
Kinky Friedman

Pat
    $800 11
Dr. Sylvester Graham

Triple Stumper
    $1000 14
Sparta

Diane
    $1000 15
the World Wildlife Fund

Diane
    $1000 19
the Basques

Diane
    $1000 8
[Light applause]

"Got To Get You Into My Life"

Pat
    $1000 23
(Nathan: Who is Kinky Friedman?)

Bruce Jay Friedman

Nathan
Triple Stumper
    $6,000 12
(Pat: I don't know.)
(Alex: He should have said, or he meant to say, "It came as a crushing blow.")

(Reverend William Archibald) Spooner

Pat

Scores at the end of the Double Jeopardy! Round:

Pat Nathan Diane
$10,200 $0 $5,500

[wagering suggestions for these scores]

Final Jeopardy! Round responses

PLAYS
(Alex: The play by George Bernard Shaw. It became a movie of the same name.)
DianeWhat is My Fair Lady?
$5,498
PatWhat is Pygmalion?
$801
Pygmalion

Final scores:

Pat Nathan Diane
$11,001 $0 $2
4-day champion: $56,402 3rd place: Panasonic's large-color LCD Palmcorder 2nd place: a trip to Hawaii

Game dynamics:

Coryat scores:

Pat Nathan Diane
$12,200 $0 $5,500
31 R
(including 2 DDs),
2 W
(including 1 DD)
5 R,
4 W
13 R,
2 W

Combined Coryat: $17,700

The J! Archive is created by fans, for fans. The Jeopardy! game show and all elements thereof, including but not limited to copyright and trademark thereto, are the property of Jeopardy Productions, Inc. and are protected under law. This website is not affiliated with, sponsored by, or operated by Jeopardy Productions, Inc. Join the discussion at JBoard.tv.